MARC details
| 000 -LEADER |
| fixed length control field |
03015cas a2200541 a 4500 |
| 001 - CONTROL NUMBER |
| control field |
11467982 |
| 003 - CONTROL NUMBER IDENTIFIER |
| control field |
OSt |
| 005 - DATE AND TIME OF LATEST TRANSACTION |
| control field |
20110510133305.0 |
| 008 - FIXED-LENGTH DATA ELEMENTS--GENERAL INFORMATION |
| fixed length control field |
770308d18661875enkar w 0 a0eng d |
| 010 ## - LIBRARY OF CONGRESS CONTROL NUMBER |
| LC control number |
96644917 |
| Canceled/invalid LC control number |
sn 87019874 |
| 020 ## - INTERNATIONAL STANDARD BOOK NUMBER |
| International Standard Book Number |
0406090130 |
| 035 ## - SYSTEM CONTROL NUMBER |
| System control number |
(OCoLC)ocm02785299 |
| 040 ## - CATALOGING SOURCE |
| Original cataloging agency |
NIC |
| Transcribing agency |
NIC |
| Modifying agency |
MH |
| -- |
OCoLC |
| -- |
DLC |
| -- |
OCoLC |
| -- |
NLGGC |
| -- |
OCoLC |
| -- |
U9S |
| -- |
OCoLC |
| -- |
ZWZ |
| -- |
RPB |
| 042 ## - AUTHENTICATION CODE |
| Authentication code |
lc |
| 043 ## - GEOGRAPHIC AREA CODE |
| Geographic area code |
e-uk--- |
| 050 00 - LIBRARY OF CONGRESS CALL NUMBER |
| Classification number |
KD275 |
| Item number |
.L39 |
| 082 ## - DEWEY DECIMAL CLASSIFICATION NUMBER |
| Edition number |
22 |
| Classification number |
348.041 LAW |
| 245 04 - TITLE STATEMENT |
| Title |
The Law reports English and Irish appeal cases 1866 - 67 Vol. 1-2 / |
| Statement of responsibility, etc |
reported by Charles Clark. |
| 246 10 - VARYING FORM OF TITLE |
| Title proper/short title |
English and Irish appeal cases and claims of peerage before the House of Lords |
| 246 13 - VARYING FORM OF TITLE |
| Title proper/short title |
Law reports. |
| Name of part/section of a work |
House of Lords |
| 246 18 - VARYING FORM OF TITLE |
| Title proper/short title |
Law reports. |
| Name of part/section of a work |
House of Lords. |
| -- |
English and Irish appeals |
| 260 ## - PUBLICATION, DISTRIBUTION, ETC. (IMPRINT) |
| Place of publication, distribution, etc |
London : |
| Name of publisher, distributor, etc |
Printed for the Incorporated Council of Law Reporting by W. Clowes and Sons, |
| Date of publication, distribution, etc |
1973 |
| 300 ## - PHYSICAL DESCRIPTION |
| Extent |
7 v. ; |
| Dimensions |
25 cm. |
| 310 ## - CURRENT PUBLICATION FREQUENCY |
| Current publication frequency |
Annual |
| 362 0# - DATES OF PUBLICATION AND/OR SEQUENTIAL DESIGNATION |
| Dates of publication and/or sequential designation |
Vol. 1 (during the session of 1866)-v. 7 (during the sessions of 1874-5). |
| 515 ## - NUMBERING PECULIARITIES NOTE |
| Numbering peculiarities note |
Vols. for 1866-1874/75 also designated as: 29th & 30th Victoria- 38th & 39th Victoria. |
| 580 ## - LINKING ENTRY COMPLEXITY NOTE |
| Linking entry complexity note |
Merged with: Law reports. Cases determined by the Court for Crown Cases Reserved; Law reports. Privy Council appeals; and, Law reports. Scotch and divorce appeal cases before the House of Lords; to become, Law reports. Appeal cases before the House of Lords (English, Irish, and Scotch) and the Judicial Committee of Her Majesty's Most Honourable Privy Council. |
| 650 #0 - SUBJECT ADDED ENTRY--TOPICAL TERM |
| Topical term or geographic name as entry element |
Law reports, digests, etc. |
| Geographic subdivision |
Great Britain. |
| 9 (RLIN) |
3861 |
| 650 #0 - SUBJECT ADDED ENTRY--TOPICAL TERM |
| Topical term or geographic name as entry element |
Appellate procedure |
| Geographic subdivision |
Great Britain |
| Form subdivision |
Cases. |
| 9 (RLIN) |
3862 |
| 650 #0 - SUBJECT ADDED ENTRY--TOPICAL TERM |
| Topical term or geographic name as entry element |
Nobility |
| General subdivision |
Claims. |
| 9 (RLIN) |
3863 |
| 650 #0 - SUBJECT ADDED ENTRY--TOPICAL TERM |
| Topical term or geographic name as entry element |
Nobility |
| Geographic subdivision |
Great Britain |
| Form subdivision |
Cases. |
| 9 (RLIN) |
3864 |
| 650 17 - SUBJECT ADDED ENTRY--TOPICAL TERM |
| Topical term or geographic name as entry element |
Recht. |
| Source of heading or term |
gtt |
| 9 (RLIN) |
2562 |
| 650 #6 - SUBJECT ADDED ENTRY--TOPICAL TERM |
| Topical term or geographic name as entry element |
Droit |
| Geographic subdivision |
Grande-Bretagne |
| General subdivision |
Jurisprudence. |
| 9 (RLIN) |
3865 |
| 650 #6 - SUBJECT ADDED ENTRY--TOPICAL TERM |
| Topical term or geographic name as entry element |
Droit |
| Geographic subdivision |
Irlande |
| General subdivision |
Jurisprudence. |
| 9 (RLIN) |
3866 |
| 650 #7 - SUBJECT ADDED ENTRY--TOPICAL TERM |
| Topical term or geographic name as entry element |
Droit |
| Geographic subdivision |
Grande-Bretagne |
| General subdivision |
Jurisprudence |
| Chronological subdivision |
19e siècle |
| General subdivision |
Périodiques. |
| Source of heading or term |
ram |
| 9 (RLIN) |
3867 |
| 650 #7 - SUBJECT ADDED ENTRY--TOPICAL TERM |
| Topical term or geographic name as entry element |
Noblesse |
| Geographic subdivision |
Grande-Bretagne |
| General subdivision |
Périodiques. |
| Source of heading or term |
ram |
| 9 (RLIN) |
3868 |
| 700 1# - ADDED ENTRY--PERSONAL NAME |
| Personal name |
Clark, Charles, |
| Dates associated with a name |
d. 1881. |
| 9 (RLIN) |
3869 |
| 710 1# - ADDED ENTRY--CORPORATE NAME |
| Corporate name or jurisdiction name as entry element |
Great Britain. |
| Subordinate unit |
Parliament. |
| -- |
House of Lords. |
| 9 (RLIN) |
3870 |
| 710 2# - ADDED ENTRY--CORPORATE NAME |
| Corporate name or jurisdiction name as entry element |
Incorporated Council of Law Reporting for England and Wales. |
| 9 (RLIN) |
2564 |
| 785 17 - SUCCEEDING ENTRY |
| Title |
Law reports. Cases determined by the Court for Crown Cases Reserved |
| Record control number |
(DLC) 96644931 |
| -- |
(OCoLC)5306395 |
| 785 17 - SUCCEEDING ENTRY |
| Title |
Law reports. Privy Council appeals |
| Record control number |
(DLC) 29005168 |
| -- |
(OCoLC)2783077 |
| 785 17 - SUCCEEDING ENTRY |
| Title |
Law reports. Scotch and divorce appeal cases before the House of Lords |
| Record control number |
(DLC)sn 87019876 |
| -- |
(OCoLC)2785327 |
| 785 17 - SUCCEEDING ENTRY |
| Title |
Law reports. Appeal cases before the House of Lords (English, Irish, and Scotch) and the Judicial Committee of Her Majesty's Most Honourable Privy Council |
| Record control number |
(DLC) 96644919 |
| -- |
(OCoLC)2787388 |
| 906 ## - LOCAL DATA ELEMENT F, LDF (RLIN) |
| a |
7 |
| b |
cbc |
| c |
serials |
| d |
u |
| e |
ncip |
| f |
19 |
| g |
n-oclcserc |
| 942 ## - ADDED ENTRY ELEMENTS (KOHA) |
| Source of classification or shelving scheme |
Dewey Decimal Classification |
| Koha item type |
Books |